Lưu Hương diễn nghĩa bảo quyển

Giới thiệu đến bạn đọc tác phẩm chữ Nôm phát hiện ở Bình Dương (trong kho sách cũ ở chùa Hội Khánh). Đây là câu chuyện bằng thơ được tác giả Việt Nam diễn Nôm từ tác phẩm Lưu Hương, nội dung truyện thơ mang đậm triết lý nhà Phật....

Full beskrivning

Sparad:
Bibliografiska uppgifter
Huvudupphovsman: Hội Khoa học Lịch sử Bình Dương
Materialtyp: Bok
Språk:Undetermined
Publicerad: Bình Dương Hội Khoa học Lịch sử Bình Dương 2006
Ämnen:
Länkar:http://lrc.tdmu.edu.vn/opac/search/detail.asp?aID=2&ID=15962
Taggar: Lägg till en tagg
Inga taggar, Lägg till första taggen!
Thư viện lưu trữ: Trung tâm Học liệu Trường Đại học Thủ Dầu Một
LEADER 01142nam a2200205Ia 4500
001 TDMU_15962
008 210410s9999 xx 000 0 und d
082 |a 294.3 
090 |b H452 
100 |a Hội Khoa học Lịch sử Bình Dương 
245 0 |a Lưu Hương diễn nghĩa bảo quyển 
245 0 |c Hội Khoa học Lịch sử Bình Dương 
260 |a Bình Dương 
260 |b Hội Khoa học Lịch sử Bình Dương 
260 |c 2006 
300 |a 204tr. 
520 |a Giới thiệu đến bạn đọc tác phẩm chữ Nôm phát hiện ở Bình Dương (trong kho sách cũ ở chùa Hội Khánh). Đây là câu chuyện bằng thơ được tác giả Việt Nam diễn Nôm từ tác phẩm Lưu Hương, nội dung truyện thơ mang đậm triết lý nhà Phật. 
650 |a Bình Dương (Việt Nam)  |x Thơ văn; Thơ chữ Nôm  |z Bình Dương 
856 |u http://lrc.tdmu.edu.vn/opac/search/detail.asp?aID=2&ID=15962 
980 |a Trung tâm Học liệu Trường Đại học Thủ Dầu Một